NBA Top 10 Footwork All-Time - Statistics

General Stats
  • This quiz has been taken 293 times
  • The average score is 5 of 15
Answer Stats
Player % Correct
Michael Jordan
86%
Hakeem Olajuwon
83%
Kobe Bryant
80%
Tim Duncan
63%
James Harden
39%
Kevin McHale
28%
Carmelo Anthony
25%
Paul Pierce
22%
Kawhi Leonard
17%
Joel Embiid
15%
Luka Dončić
14%
DeMar DeRozan
10%
Zach Randolph
6%
Adrian Dantley
5%
Luis Scola
4%
No matching quizzes found
Score Distribution
Percent of People with Each Score
Percentile by Number Answered
Your Score History
You have not taken this quiz